000 00524nam a2200205Ia 4500
003 OSt
005 20221005041901.0
006 a|||||r|||| 00| 0
007 ta
008 221004b |||||||| |||| 00| 0 eng d
024 _a114515
037 _cTextual
040 _aCRL
_cCRL
_beng
041 _2eng
_aeng
100 _aVayathit Hridhay
_9590048
245 0 _aJinke kar me Amrit ghar tha
260 _aDelhi
_bShabdh aur Shabdh India
_c1976
942 _cTEXL
_2cc
999 _c949208
_d949208